9 Postaci w Team Fortress 2 - Statystyki

Ogólne statystyki
  • Ten quiz został rozwiązany 157 razy
  • Średni wynik to 9 z 9
Statystyki odpowiedzi
L. Klasa % Poprawnych
8 Sniper
99%
9 Spy
99%
3 Pyro
97%
1 Scout
97%
6 Engineer
96%
7 Medic
96%
5 Heavy
95%
2 Soldier
94%
4 Demoman
90%
Nie znaleziono quizów pasujących do podanych kryteriów
Rozkład punktacji
Procent ludzi z każdym wynikiem
Percentyl według liczby udzielonych odpowiedzi
Twoja historia wyników
Nie rozwiązałeś tego quizu